The fur traders / (Record no. 110146)
[ view plain ]
| 000 -LEADER | |
|---|---|
| fixed length control field | 00519nam a2200157 a 4500 |
| 005 - DATE AND TIME OF LATEST TRANSACTION | |
| control field | 20140414131850.0 |
| 008 - FIXED-LENGTH DATA ELEMENTS--GENERAL INFORMATION | |
| fixed length control field | 100728s19uu xx 00 eng d |
| 050 ## - LIBRARY OF CONGRESS CALL NUMBER | |
| Classification number | M 971 |
| Item number | L75 1989 |
| 100 ## - MAIN ENTRY--PERSONAL NAME | |
| Personal name | Livesey, Robert |
| 245 ## - TITLE STATEMENT | |
| Title | The fur traders / |
| Statement of responsibility, etc | Robert Livesey & A.G. Smith. |
| 260 ## - PUBLICATION, DISTRIBUTION, ETC. (IMPRINT) | |
| Place of publication, distribution, etc | Toronto : |
| Name of publisher, distributor, etc | Stoddart, |
| Date of publication, distribution, etc | 1989. |
| 440 ## - SERIES STATEMENT/ADDED ENTRY--TITLE | |
| Title | Discovering Canada |
| 650 ## - SUBJECT ADDED ENTRY--TOPICAL TERM | |
| Topical term or geographic name as entry element | Fur trade --Canada --History --Juvenile literature. |
| 650 ## - SUBJECT ADDED ENTRY--TOPICAL TERM | |
| Topical term or geographic name as entry element | Indians of North America --Canada --History --Juvenile literature. |
| Withdrawn status | Lost status | Damaged status | Home library | Current library | Shelving location | Date acquired | Total Checkouts | Full call number | Barcode | Date last seen | Price effective from | Koha item type |
|---|---|---|---|---|---|---|---|---|---|---|---|---|
| Munich Library | Munich Library | Main Section | 07/28/2010 | M 971 L75 1989 | M0445 | 04/14/2014 | 04/14/2014 | Books |